Management for supervisors

Saved in:
Bibliographic Details
Main Author: Donovan, Anthony F.
Format: Book
Language:English
Published: London, Macmillan, 1971.
Subjects:
LEADER 00881nam a2200253 4500
001 c000353389
003 CARM
005 00000000000000.0
008 710812s1971 enka b 00110 eng
015 |a B71-02796 
019 1 |a 23857411  |z 93948  |5 LACONCORD2021 
020 |a 0333117999 
035 |a (OCoLC)44557396  |5 LACONCORD2021 
050 0 0 |a HF5549  |b .D547 
100 1 |a Donovan, Anthony F. 
245 1 0 |a Management for supervisors  |c [by] Anthony F. Donovan. 
260 |a London,  |b Macmillan,  |c 1971. 
300 |a x, 165 p.  |b illus.  |c 23 cm. 
504 |a Bibliography: p. 153-160. 
650 0 |a Supervision of employees. 
852 8 |b CARM  |h A1:AN32F0  |i B09034  |p 0423564  |f BK 
082 0 4 |a 658.3/02 
999 f f |i 52058e15-07bb-5af4-824b-a66fb0fc4ffa  |s 6e474d95-ef39-5dee-bbcc-b58a1861fb6a 
952 f f |p Can circulate  |a CAVAL  |b CAVAL  |c CAVAL  |d CARM 1 Store  |e B09034  |f A1:AN32F0  |h Other scheme  |i book  |m 0423564